Регионална библиотека "Любен Каравелов" - Русе

За родину (Запис номер 428189)

MARC детайли
000 -Лидер
Контролно поле с фиксирана дължина nam a22 a 4500
003 - Код на организацията, давaща контролен номер
Контролно поле BLK
005 - Дата и час на последна редакция
Контролно поле 20210812140346.0
008 - Елементи от данни с фиксирана дължина
fixed length control field 210812b bu |||||||||| 00| | bu d
040 ## - Източник на каталожния запис
Идентификатор на билиотеката - собственик на записа BLK
041 ## - Код за език
Код за езика на текст/звукозапис или на отделно заглавие Руски
Код за езика КДБФ Руски
080 ## - УДК
Текстов определител УДК Американска литература (на САЩ)
УДК код - определител по УДК 821.111(73)
УДК определител -311.6
УДК - код + определител 821.111(73)-311.6
100 ## - Редна дума - Автор
R(LIN) 1299
Автор Митчел, Сайлес Вейр
Авторска отговорност първи автор
139 ## - Редно поле
Редна дума Митчел, Сайлес Вейр
245 ## - Сведения за заглавието
Заглавие За родину
Подзаглавни данни Из мемуаров квакера-офицера : Ист. роман
Редно поле (дума) С. В. Митчел
246 ## - Различни форми на заглавието
Паралелно заглавие Hugh Wynne, free guaker
257 ## - Страна на издаване
Страна на създаване/издаване Русия
260 ## - Област на издателските данни
9 (RLIN) 435488
Място на издаване, разпространение и проч. Санкт-Петербург
Име на издателя, разпространителя и проч. тип. В. В. Комарова
Година на издаване 1898
300 ## - Физическа характеристика
Страници 214 с.
Размери/Мащаб 22 см
380 ## - Жанр
Жанр Худож. лит.
490 ## - СЕРИИ (Колекции)
9 (RLIN) 435080
Име на серия Колекция Редки и ценни издания
700 ## - Други автори (авторска отговорност)
9 (RLIN) 759
Лично име Ангарова, В.
Автороска отговорност (Описва отношението между автора и произведението) пер.
852 ## - Местоположение
Форматна сигнатура Рр 898
Фондова буква Редки и ценни
999 ## - СИСТЕМНИ КОНТРОЛНИ НОМЕРА
Koha biblionumber 428189
Koha biblioitemnumber 428189
942 ## - АРТИКУЛИ
Вид на библиотечния материал Книги
Скрит в OPAC Не
Периодичен библиозапис Да
944 ## - СЪЗДАВАНЕ И РЕДАКЦИЯ на ЗАПИСА
Създаване/Редакция Създаване
Дата на регистрацията/редакция 2021-08-12
Служител, извършил регистрацията/редакцията ВП
Наличности
Код за отписване Код за изгубен артикул Източник на класификационната схема Код за повреда Коз за рестрикции Код за отдаване Артикулен № Име на библиотеката - собственик Име на библиотеката, в която се намира в момента Статус (Текущо местоположение) Дата на вписване в системата Местоположение - отдел Цена в лева Инвентарен номер Систематично азбучна сигнатура Баркод Цена в евро Служебен тип на артикула
  Не е изгубен Universal Decimal Classification Не е повреден само за читалня Специални фондове ( старопечатни, редки и ценни, фонд М. Арнаудов) 855862 Регионална библиотека "Любен Каравелов" Русе Регионална библиотека "Любен Каравелов" Русе Редки и ценни 2021-09-27 Редки и ценни 0.17 1148 Рр 898 900000074039 0.09 Книги
Vip Innovations Ltd, Rousse, Bulgaria 2025